The best approximation method : (Record no. 543642)
[ view plain ]
| 000 -LEADER | |
|---|---|
| fixed length control field | 00754cam a2200205 a 4500 |
| 020 ## - INTERNATIONAL STANDARD BOOK NUMBER | |
| International Standard Book Number | 0387175725 (U.S. : pbk.) |
| 082 00 - DEWEY DECIMAL CLASSIFICATION NUMBER | |
| Classification number | 511.4 |
| Author Mark | LEC |
| -- | L-3, P-21 |
| 100 1# - MAIN ENTRY--PERSONAL NAME | |
| Personal name | Hromadka, Theodore V. |
| 9 (RLIN) | 39078 |
| 245 14 - TITLE STATEMENT | |
| Title | The best approximation method : |
| Remainder of title | an introduction / |
| Statement of responsibility, etc. | T.V. Hromadka II, C.C. Yen, G.F. Pinder. |
| 260 ## - PUBLICATION, DISTRIBUTION, ETC. | |
| Place of publication, distribution, etc. | Berlin ; |
| -- | New York : |
| Name of publisher, distributor, etc. | Springer-Verlag, |
| Date of publication, distribution, etc. | c1987. |
| 300 ## - PHYSICAL DESCRIPTION | |
| Extent | xii, 168 p. ; |
| Dimensions | 26 cm. |
| 526 ## - STUDY PROGRAM INFORMATION NOTE | |
| Program name | 0 |
| Interest level | 0 |
| Reading level | 0 |
| Title point value | 511_400000000000000_LEC |
| 650 #0 - SUBJECT ADDED ENTRY--TOPICAL TERM | |
| Topical term or geographic name entry element | Approximation theory |
| General subdivision | Data processing. |
| 9 (RLIN) | 39079 |
| 650 #0 - SUBJECT ADDED ENTRY--TOPICAL TERM | |
| Topical term or geographic name entry element | Engineering mathematics |
| General subdivision | Data processing. |
| 9 (RLIN) | 133 |
| 650 #0 - SUBJECT ADDED ENTRY--TOPICAL TERM | |
| Topical term or geographic name entry element | FORTRAN (Computer program language) |
| 9 (RLIN) | 26734 |
| 650 #0 - SUBJECT ADDED ENTRY--TOPICAL TERM | |
| Topical term or geographic name entry element | MCE |
| 9 (RLIN) | 379 |
| 700 1# - ADDED ENTRY--PERSONAL NAME | |
| Personal name | Pinder, George Francis, |
| 9 (RLIN) | 39080 |
| 700 1# - ADDED ENTRY--PERSONAL NAME | |
| Personal name | Yen, C. C. |
| 9 (RLIN) | 39081 |
| 942 ## - ADDED ENTRY ELEMENTS (KOHA) | |
| Source of classification or shelving scheme | |
| Koha item type | Book |
| Withdrawn status | Lost status | Source of classification or shelving scheme | Damaged status | Not for loan | Permanent Location | Current Location | Date acquired | Total Checkouts | Full call number | Barcode | Date last seen | Price effective from | Koha item type |
|---|---|---|---|---|---|---|---|---|---|---|---|---|---|
| Military College of Engineering (MCE) | Military College of Engineering (MCE) | 03/28/2014 | 511.4 LEC | MCE-27566 | 03/28/2014 | 03/28/2014 | Book |
